|
|
|
|
| LEADER |
00000naa2a2200000 4500 |
| 001 |
433050 |
| 005 |
20240227141437.0 |
| 035 |
|
|
|a (RuTPU)RU\TPU\prd\93380
|
| 035 |
|
|
|a RU\TPU\prd\93379
|
| 090 |
|
|
|a 433050
|
| 100 |
|
|
|a 20101215a1939 k y0rusy50 ca
|
| 101 |
0 |
|
|a rus
|
| 102 |
|
|
|a RU
|
| 200 |
1 |
|
|a Исследование электрокапиллярных явлений для амальгам таллия в расплавленном электролите
|f С. Карпачев, А. Г. Стромберг
|
| 320 |
|
|
|a Библиогр.: с. 1836
|
| 461 |
|
0 |
|0 (RuTPU)RU\TPU\prd\167
|t Журнал физической химии
|f Российская академия наук ; Отделение химии и наук о материалах РАН
|d 1931-
|
| 463 |
|
0 |
|0 (RuTPU)RU\TPU\prd\72242
|t Т. 13, вып. 12
|v С. 1831-1836
|d 1939
|
| 610 |
1 |
|
|a труды учёных ТПУ
|
| 700 |
|
1 |
|a Карпачев
|b С.
|
| 701 |
|
1 |
|a Стромберг
|b А. Г.
|c химик, специалист в области классической полярографии и инверсионной вольтамперометрии
|c профессор Томского политехнического института
|f 1910-2004
|g Армин Генрихович
|3 (RuTPU)RU\TPU\pers\11188
|9 2478
|
| 801 |
|
1 |
|a RU
|b 63413507
|c 20101215
|
| 801 |
|
2 |
|a RU
|b 63413507
|c 20131018
|g RCR
|
| 942 |
|
|
|c BK
|